| 000 | 00769nam a2200205 a 4500 | ||
|---|---|---|---|
| 001 | 000041710 | ||
| 005 | 20201002035719.0 | ||
| 008 | 131016s2001 sp a 000 0 spa d | ||
| 020 | _z8400063228 | ||
| 040 |
_aDO-SdBNP _bspa _cBNPHU |
||
| 082 |
_axxx _bT323g |
||
| 100 | 1 |
_aTerradas Batlle, Xavier _968530 |
|
| 245 | 1 | 3 |
_aLa gestión de los recursos minerales en las sociedades cazadoras-recolectoras / _cXavier Terradas Batlle. |
| 260 |
_aMadrid : _bConsejo Superior de Investigaciones Científicas, _c2001. |
||
| 300 |
_a177 p. : _bil. ; _c24 cm. |
||
| 490 | 1 |
_aTreballs d'etnoarqueología _v4 |
|
| 500 | _aIncluye referencias bibliográficas y notas al pie de las páginas. | ||
| 504 | _aBibliografía: p. 144-164 | ||
| 830 | 0 |
_aTreballs d'etnoarqueología _n4 _968531 |
|
| 999 |
_c41199 _d41199 |
||